| 000 | 00573 a2200169 4500 | ||
|---|---|---|---|
| 003 | IT-RoPau | ||
| 005 | 20220918175943.0 | ||
| 008 | 130228b xxu||||| |||| 00| 0 eng d | ||
| 040 | _cIT-RoPau | ||
| 245 | _aConstitutiones Piae Societatis a Sancto Paulo Apostolo | ||
| 250 | _a1° ed | ||
| 260 |
_aAlbano Laziale (Roma) _bPSSP _c1956 |
||
| 300 |
_a202 pp. _c16,5 cm |
||
| 490 | _aEP | ||
| 520 | _aIndex Pars prima De fine et membris Societatis Pars secunda De vita et operibus Societatis Pars tertia De regimine Societatis Decretum approbationis | ||
| 942 |
_2ddc _cBK |
||
| 999 |
_c38156 _d38156 |
||